Loading...
| Fine Arts - Painting & Sculpture | 0 | 7 | 2 | 1 | 60 | 74 | 108.29 | 1 | 4 |
| Religion | 0 | 6 | 0 | 0 | 60 | 117 | 126.50 | 0 | 1 |
| Literature - World Literature | 0 | 6 | 1 | 1 | 55 | 51 | 92.17 | 2 | 4 |
| Fine Arts - Other Fine Arts | 0 | 6 | 1 | 0 | 55 | 56 | 124.33 | 1 | 1 |
| History - American History | 0 | 5 | 0 | 4 | 50 | 95 | 126.60 | 0 | 0 |
| Social Science | 0 | 4 | 0 | 3 | 40 | 51 | 113.25 | 1 | 1 |
| Literature - European Literature | 0 | 4 | 1 | 1 | 35 | 78 | 127.00 | 0 | 1 |
| History - Other History | 0 | 2 | 0 | 0 | 20 | 91 | 109.00 | 0 | 0 |
| Literature - American Literature | 0 | 3 | 2 | 0 | 20 | 89 | 111.67 | 1 | 2 |
| Fine Arts - Classical Music | 0 | 2 | 1 | 0 | 15 | 61 | 83.00 | 2 | 2 |
| Philosophy | 0 | 1 | 0 | 0 | 10 | 116 | 116.00 | 0 | 0 |
| Other Academic | 0 | 1 | 0 | 0 | 10 | 117 | 117.00 | 0 | 0 |
| Mythology | 0 | 1 | 1 | 1 | 5 | 139 | 139.00 | 0 | 0 |
| History - European History | 0 | 1 | 1 | 0 | 5 | 112 | 112.00 | 0 | 1 |
| Science - Biology | 0 | 1 | 1 | 1 | 5 | 153 | 153.00 | 0 | 0 |
| Science - Other Science | 0 | 1 | 1 | 0 | 5 | 73 | 73.00 | 0 | 1 |
| Literature - British Literature | 0 | 1 | 1 | 0 | 5 | 112 | 112.00 | 0 | 1 |
| History - World History | 0 | 1 | 1 | 0 | 5 | 74 | 74.00 | 1 | 1 |
| Geography | 0 | 0 | 1 | 0 | -5 | 0.00 | 0 | 0 |